| 000 | 00784nam a22002057a 4500 | ||
|---|---|---|---|
| 999 |
_c3081 _d3081 |
||
| 003 | AR-CdUCM | ||
| 008 | 190305b ||||| |||| 00| 0 spa d | ||
| 040 |
_aMUNICIPALIDAD PROVINCIAL DEL CUSCO _cBIBLIOTECA MUNICIPAL DEL CUSCO |
||
| 082 |
_a348.59 / _bM53 |
||
| 100 |
_aMena Ramírez, Miguel. _910442 |
||
| 245 | _aLa empresa en el Perú / | ||
| 260 |
_aLima : _bCultural Cuzco, _c1986. |
||
| 300 |
_a297 paginas , _c20 cm |
||
| 505 | _aEl derecho comercial y su evolución -- concepto de derecho comercial, evolución -- La legislación comercial en el Perú -- Legislación mercantil especial -- La empresa... | ||
| 650 |
_aDerecho comercial _95195 |
||
| 650 |
_aLegislación mercantil _910443 |
||
| 650 |
_aPolíticas de empresa _910444 |
||
| 942 |
_2ddc _cLIBROS |
||
| 945 | _awnts | ||